000
00306 a2200133 4500
001
125348
020
_a
9780439839204
040
_c
Escola Canadense de Niteroi
100
_a
Southall, Mary
245
1
0
_a
Differentiated Small-Group Reading Lessons
260
_a
New York
362
0
_a
2009
942
_c
REF
999
_c
125348
_d
125348